|
|
|
|
| LEADER |
02493nam a2200433 a 4500 |
| 001 |
37087 |
| 003 |
BD-DhAAL |
| 005 |
20211111115212.0 |
| 008 |
200220r20192008enka b 001 0 eng d |
| 999 |
|
|
|c 41872
|d 41872
|
| 010 |
|
|
|a 2008020507
|
| 015 |
|
|
|a GBA877732
|2 bnb
|
| 016 |
7 |
|
|a 014646776
|2 Uk
|
| 020 |
|
|
|a 9780521879965 (hardback)
|
| 020 |
|
|
|a 0521879965 (hardback)
|
| 035 |
|
|
|a (OCoLC)ocn212859032
|
| 035 |
|
|
|a (OCoLC)212859032
|
| 040 |
|
|
|a DLC
|c DLC
|d BTCTA
|d BAKER
|d UKM
|d YDXCP
|d OCLCG
|d C#P
|d BWX
|d CDX
|d DLC
|d BD-DhAAL
|
| 050 |
0 |
0 |
|a QA76.889
|b .Y35 2008
|
| 082 |
0 |
0 |
|a 004.1
|2 22
|
| 100 |
1 |
|
|a Yanofsky, Noson S.,
|d 1967-
|9 39394
|
| 245 |
1 |
0 |
|a Quantum computing for computer scientists /
|c Noson S. Yanofsky and Mirco A. Mannucci.
|
| 260 |
|
|
|a New York :
|b Cambridge University Press,
|c c2008 [2019]
|
| 300 |
|
|
|a xvi, 384 pages :
|b illustrations ;
|c 27 cm.
|
| 504 |
|
|
|a Includes bibliographical references (p. 373-380) and index.
|
| 526 |
|
|
|a CSE
|
| 541 |
|
|
|a Trim Education
|e 37087, 37088, 37089, 37090, 37091,
|
| 650 |
|
0 |
|a Quantum computers.
|9 39395
|
| 650 |
|
0 |
|a Quantum computing.
|9 39396
|
| 650 |
|
0 |
|a Computer science.
|9 42559
|
| 700 |
1 |
|
|a Mannucci, Mirco A.
|d 1960-
|9 39397
|
| 852 |
|
|
|a Ayesha Abed Library
|c General Stacks
|
| 942 |
|
|
|2 ddc
|c BK
|
| 955 |
|
|
|a jf09 2008-05-05
|i jf09 2008-05-05 to sl
|a aa24 2008-05-05
|a ps12 2008-09-19 1 copy rec'd., to CIP ver.
|a db60 2008-10-21 copy 2 added
|a xb05 2008-10-21 copy 2 added
|
| 952 |
|
|
|0 0
|1 0
|2 ddc
|4 0
|6 004_100000000000000_YAN
|7 0
|9 67958
|a BRACUL
|b BRACUL
|c GEN
|d 2020-02-11
|e Trim Education
|g 5350.00
|l 11
|m 65
|o 004.1 YAN
|p 3010037088
|q 2025-10-08
|r 2025-09-17
|s 2025-09-17
|t 2
|v 5350.00
|w 2020-02-11
|y BK
|
| 952 |
|
|
|0 0
|1 0
|2 ddc
|4 0
|6 004_100000000000000_YAN
|7 0
|9 67959
|a BRACUL
|b BRACUL
|c GEN
|d 2020-02-11
|e Trim Education
|g 5350.00
|l 8
|m 144
|o 004.1 YAN
|p 3010037091
|r 2026-05-18
|s 2026-03-05
|t 5
|v 5350.00
|w 2020-02-11
|y BK
|
| 952 |
|
|
|0 0
|1 0
|2 ddc
|4 0
|6 004_100000000000000_YAN
|7 0
|9 67960
|a BRACUL
|b BRACUL
|c GEN
|d 2020-02-11
|e Trim Education
|g 5350.00
|l 5
|m 59
|o 004.1 YAN
|p 3010037089
|q 2026-06-28
|r 2025-01-30
|s 2025-01-30
|t 3
|v 5350.00
|w 2020-02-11
|y BK
|
| 952 |
|
|
|0 0
|1 0
|2 ddc
|4 0
|6 004_100000000000000_YAN
|7 0
|9 67961
|a BRACUL
|b BRACUL
|c GEN
|d 2020-02-11
|e Trim Education
|g 5350.00
|l 7
|m 72
|o 004.1 YAN
|p 3010037090
|q 2026-06-03
|r 2025-05-27
|s 2025-05-27
|t 4
|v 5350.00
|w 2020-02-11
|y BK
|
| 952 |
|
|
|0 0
|1 0
|2 ddc
|4 0
|6 004_100000000000000_YAN
|7 0
|9 67962
|a BRACUL
|b BRACUL
|c GEN
|d 2020-02-11
|e Trim Education
|g 5350.00
|l 8
|m 122
|o 004.1 YAN
|p 3010037087
|r 2026-05-16
|s 2025-10-20
|t 1
|v 5350.00
|w 2020-02-11
|y BK
|